| 000 | 00614nam a2200205 i 4500 | ||
|---|---|---|---|
| 001 | 108041 | ||
| 003 | ES-MaACL | ||
| 005 | 20230906184546.0 | ||
| 007 | t| | ||
| 008 | 070112s1957 sp ||||1| cat d | ||
| 080 | _a849.9-221"19" | ||
| 100 | 1 |
_aFàbregas, Xavier. _948556 |
|
| 245 | 1 | 0 |
_aPartits pel mig _b: comèdia en dues parts dividides en quatre quadres / _cJavier Fáabregas. |
| 260 |
_aBarcelona : _bNereida, _c1957. |
||
| 300 |
_a60 p., 2 h. ; _c17 cm. |
||
| 490 | 1 |
_aBiblioteca Gresol ; _v22 |
|
| 830 | 0 |
_aBiblioteca Gresol ; _v22 _9185526 |
|
| 852 |
_aES-MaACL _jE-5159 |
||
| 999 |
_c108041 _d108041 |
||